All ATP Top 20 Players in the 2020s - Statistics

General Stats
  • This quiz has been taken 186 times
  • The average score is 35 of 53
Answer Stats
Career High Weeks Player % Correct
923 Novak Djokovic
100%
938 Rafael Nadal
99%
Nr. 1 1064 Roger Federer
99%
186 Jannik Sinner
98%
150 Carlos Alcaraz
96%
Nr. 2 381 Alexander Zverev
95%
302 Daniil Medvedev
95%
312 Stefanos Tsitsipas
87%
Nr. 5 238 Andrey Rublev
86%
190 Casper Ruud
86%
315 Dominic Thiem
83%
Nr. 3 484 Stan Wawrinka
83%
Nr. 6 454 Gaël Monfils
81%
114 Holger Rune
81%
153 Taylor Fritz
81%
98 Frances Tiafoe
80%
165 Matteo Berrettini
77%
168 Félix Auger-Aliassime
76%
17 Jack Draper
76%
125 Alex de Minaur
75%
59 Ben Shelton
74%
196 Hubert Hurkacz
72%
99 Tommy Paul
72%
Nr. 15 60 Lorenzo Musetti
70%
Nr. 13 109 Nick Kyrgios
70%
137 Denis Shapovalov
69%
200 Karen Khachanov
69%
Nr. 4 372 Kei Nishikori
69%
352 Grigor Dimitrov
68%
482 Marin Čilić
68%
57 Ugo Humbert
68%
120 Cameron Norrie
65%
Nr. 8 414 John Isner
64%
Nr. 10 209 Pablo Carreño Busta
64%
196 Diego Schwartzman
62%
Nr. 19 13 Arthur Fils
60%
358 Milos Raonic
57%
Nr. 9 319 Roberto Bautista Agut
53%
11 Sebastian Korda
51%
Nr. 7 276 David Goffin
50%
11 Francisco Cerúndolo
50%
220 Fabio Fognini
48%
Nr. 12 88 Borna Ćorić
47%
16 Alexander Bublik
39%
25 Nicolás Jarry
39%
Nr. 18 24 Sebastián Báez
39%
31 Reilly Opelka
37%
15 Adrian Mannarino
34%
4 Alejandro Tabilo
29%
Nr. 14 17 Aslan Karatsev
27%
Nr. 17 50 Cristian Garín
25%
17 Benoît Paire
18%
Nr. 16 47 Nikoloz Basilashvili
15%
No matching quizzes found
Score Distribution
Percent of People with Each Score
Percentile by Number Answered
Your Score History
You have not taken this quiz